| 000 | 01005nam a22003377a 4500 | ||
|---|---|---|---|
| 003 | CHAP | ||
| 005 | 20220329143558.0 | ||
| 008 | 100627s19922 mx r 00010 spa d | ||
| 010 | _a98789 | ||
| 011 | _a99761 | ||
| 020 | _a8472234851 | ||
| 035 | _a110447 | ||
| 040 | _cCHAP | ||
| 082 | 1 | 4 |
_a920 _bAr33 |
| 100 | 1 |
_aArenas, Reinaldo _96964 |
|
| 245 | 1 | 0 |
_aAntes que anochezca _c/por Reinaldo Arenas |
| 260 |
_aMéxico, D. F. : _bPatria, _c1992 |
||
| 300 | _a340 p. | ||
| 490 | _aColección andanzas | ||
| 590 |
_aBATCH-UPD _b10 _c20130110 _lUCH01 _h1744 |
||
| 590 |
_aBATCH-UPD _b10 _c20130410 _lUCH01 _h1123 |
||
| 590 |
_aBATCH-UPD _b10 _c20130914 _lUCH01 _h0359 |
||
| 590 |
_aCONVERSION _b10 _c20130109 _lUCH01 _h1355 |
||
| 650 | 1 | 4 |
_aBiografía. _912746 |
| 650 | 1 | 4 |
_aLecturas y narraciones. _965519 |
| 650 | 1 | 4 |
_aLiteratura cubana. _967123 |
| 830 | 0 |
_aColección andanzas _924699 |
|
| 901 | _aBK | ||
| 942 | _cLIBRO | ||
| 949 |
_a920 Ar33 _bBC _cLIBRO _d33724002177835 _eLIBRO _gI.c/e _h112921 _i110447 _sb |
||
| 999 |
_c98789 _d98789 |
||